Export Promotion Programmes In Developed Countries A NON-SYSTEMATIC LITERATURE REVIEW
| Szerző: | |
|---|---|
| Dokumentumtípus: | Könyv része |
| Megjelent: |
Budapesti Gazdaságtudományi Egyetem
Budapest
2025
|
| Sorozat: | Szemelvények a BGE kutatásaiból 2024
|
| Tárgyszavak: | |
| doi: | 10.29180/978-615-6886-21-7_6 |
| Kulcsszavak: | SME internationalisation export promotion trade promotion |
| Online Access: | http://publikaciotar.uni-bge.hu/2569 |
MARC
| LEADER | 00000naa a2200000 i 4500 | ||
|---|---|---|---|
| 001 | publ2569 | ||
| 005 | 20251125123847.0 | ||
| 008 | 251125s2025 hu o 000 zxx d | ||
| 020 | |a 978-615-6886-21-7 | ||
| 024 | |a 10.29180/978-615-6886-21-7_6 |2 doi | ||
| 040 | |a BGE Publikációtár Repozitórium |b hun | ||
| 100 | 1 | |a Gaambos Judit Zsuzsanna | |
| 245 | 1 | 0 | |a Export Promotion Programmes In Developed Countries |b A NON-SYSTEMATIC LITERATURE REVIEW |c Gaambos Judit Zsuzsanna |h [elektronikus dokumentum] |
| 260 | |a Budapesti Gazdaságtudományi Egyetem |b Budapest |c 2025 | ||
| 300 | |a 51-59 | ||
| 490 | 0 | |a Szemelvények a BGE kutatásaiból 2024 | |
| 650 | 4 | |a társadalomtudományok | |
| 695 | |a SME internationalisation | ||
| 695 | |a export promotion | ||
| 695 | |a trade promotion | ||
| 856 | 4 | 0 | |u https://publikaciotar.uni-bge.hu/id/eprint/2569/1/BGE%20Szemelv%C3%A9nyek%202024%20III.%20k%C3%B6tet_6.pdf |z Dokumentum-elérés |